| 000 | 00929cam a22002891 4500 | ||
|---|---|---|---|
| 001 | 6446 | ||
| 003 | BD-RjUL | ||
| 005 | 20211208234238.0 | ||
| 008 | 14 r19581952enka 000 0 eng | ||
| 035 | _a(BD-RjUL)6487 | ||
| 035 | _a(OCoLC)1071327 | ||
| 040 |
_aDLC _cOYU _dOCoLC _dUk _dDLC _dBD-RjUL _beng |
||
| 041 | _aeng | ||
| 082 | 0 | 0 |
_a515.9 _223 _bCAC 1958 |
| 100 | 1 |
_aCarathéodory, Constantin, _d1873-1950. _920295 |
|
| 245 | 1 | 0 |
_aConformal representation / _cby C. Caratheodory. |
| 250 | _a2d ed. | ||
| 260 |
_aCambridge [Eng.] _bUniversity Press, _c1952 [reprinted 1958]. |
||
| 300 |
_a115 p. : _billus. ; _c22 cm. |
||
| 504 | _aIncludes bibliography. | ||
| 650 | 0 |
_aFunctions. _920297 |
|
| 650 | 0 |
_aGeometry, Non-Euclidean. _920298 |
|
| 650 | 0 |
_aSurfaces, Representation of. _920299 |
|
| 942 |
_2ddc _cBK |
||
| 999 |
_c6446 _d6446 |
||